LIFE - Environment homepage (Record no. 120077)

MARC details
000 -LEADER
fixed length control field 00881cam a2200205 4500
001 - CONTROL NUMBER
control field WS118704
008 - FIXED-LENGTH DATA ELEMENTS--GENERAL INFORMATION
fixed length control field 020704n 000 0 eng u
035 ## - SYSTEM CONTROL NUMBER
System control number (Sirsi) u118704
245 ## - TITLE STATEMENT
Title LIFE - Environment homepage
520 ## - SUMMARY, ETC.
Summary, etc. Web site for this body whose objective is to implement EU environment policies and legislation for the promotion of sustainable development. It provides support for both industry and local authorities. Includes links to their database which lists projects selected during 1995-2000 and how to apply for funding.
650 ## - SUBJECT ADDED ENTRY--TOPICAL TERM
Topical term or geographic name entry element EUROPE
650 ## - SUBJECT ADDED ENTRY--TOPICAL TERM
Topical term or geographic name entry element INTERNATIONAL
650 ## - SUBJECT ADDED ENTRY--TOPICAL TERM
Topical term or geographic name entry element FUNDING
650 ## - SUBJECT ADDED ENTRY--TOPICAL TERM
Topical term or geographic name entry element SUSTAINABLE DEVELOPMENT
650 ## - SUBJECT ADDED ENTRY--TOPICAL TERM
Topical term or geographic name entry element EUROPEAN UNION
650 ## - SUBJECT ADDED ENTRY--TOPICAL TERM
Topical term or geographic name entry element MINERALS
690 ## - LOCAL SUBJECT ADDED ENTRY--TOPICAL TERM (OCLC, RLIN)
Topical term or geographic name as entry element ENVIRONMENTAL AND LAND CONSULTANCY
856 40 - ELECTRONIC LOCATION AND ACCESS
Uniform Resource Identifier <a href="https://europa.eu.int/comm/life/envir/">https://europa.eu.int/comm/life/envir/</a>
Public note View the website free of charge at europa.eu.int...
942 ## - ADDED ENTRY ELEMENTS (KOHA)
Suppress in OPAC 0
Holdings
Withdrawn status Lost status Source of classification or shelving scheme Damaged status Not for loan Home library Current library Shelving location Date acquired Total Checkouts Full call number Barcode Date last seen Copy number Price effective from Koha item type
    Dewey Decimal Classification     Virtual Virtual Online 04/07/2002   WEB SITE 118704-2001 06/08/2019 1 06/08/2019 Online material